[Event "CZE-ch U12"]
[Site "Harrachov"]
[Date "2024.10.26"]
[Round "1"]
[White "Hurt, Marek"]
[Black "Rawlings, Benjamin"]
[Result "0-1"]
[WhiteElo "1453"]
[BlackElo "1689"]
[PlyCount "68"]
[EventDate "2024.10.26"]
[EventType "swiss"]
[EventRounds "9"]
[EventCountry "CZE"]
[SourceTitle "CB45_2024"]
[Source "ChessBase"]
[SourceDate "2024.11.06"]
[SourceVersion "1"]
[SourceVersionDate "2024.11.06"]
[SourceQuality "1"]

1. e4 e5 2. Nf3 Nc6 3. Bc4 Bc5 4. Nc3 Nf6 5. d3 d6 6. h3 h6 7. Bd2 Be6 8. Bxe6 fxe6 9. Be3 Bb6 10. Qd2 d5 11. Bxb6 axb6 12. exd5 exd5 13. 0-0 0-0 14. Rfe1 Re8 15. a3 e4 16. dxe4 Nxe4 17. Nxe4 dxe4 18. Qxd8 Raxd8 19. Nh2 Rd2 20. Rac1 Nd4 21. c3 Ne2+ 22. Kf1 Nxc1 23. Rxc1 Red8 24. Ke1 Rxb2 25. a4 Rdd2 26. Nf1 Re2+ 27. Kd1 Rxf2 28. Ng3 Rxg2 29. Nf1 Rg1 30. Ke1 e3 31. Rd1 Rxf1+ 32. Kxf1 e2+ 33. Ke1 exd1R+ 34. Kxd1 Kf7 0-1

[Event "Prague Golden Blitz op 19th"]
[Site "Prague"]
[Date "2024.06.27"]
[Round "2"]
[White "Rawlings, Benjamin"]
[Black "Strnadova, Monika"]
[Result "1/2-1/2"]
[WhiteElo "1590"]
[BlackElo "1877"]
[PlyCount "97"]
[EventDate "2024.06.27"]
[EventType "swiss (blitz)"]
[EventRounds "11"]
[EventCountry "CZE"]
[SourceTitle "EXT 2025"]
[Source "ChessBase"]
[SourceDate "2024.10.14"]
[SourceVersion "1"]
[SourceVersionDate "2024.10.14"]
[SourceQuality "1"]

1. e4 c5 2. Nf3 Nc6 3. d4 cxd4 4. Nxd4 g6 5. Nc3 Bg7 6. Be3 Nf6 7. Bb5 0-0 8. 0-0 Nxd4 9. Bxd4 a6 10. Bd3 d6 11. f4 b5 12. a3 Bb7 13. Qe2 Rc8 14. e5 dxe5 15. Bxe5 Qb6+ 16. Qf2 Qxf2+ 17. Rxf2 Nd5 18. Bxg7 Kxg7 19. Nxd5 Bxd5 20. Re1 e6 21. Be4 Bxe4 22. Rxe4 Rc6 23. Ree2 Rd8 24. Rd2 Rdc8 25. Kf1 a5 26. c3 Rb6 27. Rc2 b4 28. cxb4 Rxc2 29. Rxc2 axb4 30. axb4 Rxb4 31. g3 Kf6 32. Ke2 h5 33. Ke3 Kf5 34. Kf2 h4 35. Kg2 Kg4 36. gxh4 Rxf4 37. Rf2 Rb4 38. Rxf7 Rxb2+ 39. Kg1 Rb1+ 40. Kg2 Kxh4 41. Rf6 Rb2+ 42. Kg1 Kh3 43. Rxg6 e5 44. Re6 Rg2+ 45. Kf1 Rg5 46. Kf2 Rf5+ 47. Ke3 Kxh2 48. Ke4 Rg5 49. Rxe5 1/2-1/2